| 000 | 00606nam a2200169 i 4500 | ||
|---|---|---|---|
| 001 | 46609 | ||
| 003 | ES-MaACL | ||
| 005 | 20230906161422.0 | ||
| 007 | t| | ||
| 008 | 030331s1951 sp ||||1| spa d | ||
| 111 | 2 |
_aCongreso Iberoamericano de Seguridad Social ( _n1º. _d1951. _cMadrid) _9395 |
|
| 245 | 1 | 0 |
_aPrimer Congreso Iberoamericano de Seguridad Social : _bMadrid-Barcelona, mayo-junio 1951. |
| 260 |
_aMadrid : _bCultura Hispánica, _c1951. |
||
| 300 |
_a3 v. (482 ; 729 ; 430 p.) : _bil. ; _c24 cm. |
||
| 650 | 4 |
_aSeguridad social- _vCongresos y asambleas. _9172649 |
|
| 852 |
_aES-MaACL _jD-5919-21 |
||
| 999 |
_c46609 _d46609 |
||